Statistiken für Länder Afrikas nach Fläche

Klicken Sie hier um das Quiz zu spielen!

Allgemein

  • Dieses Quiz wurde 688 mal gespielt
  • Das Durchschnittsergebnis liegt bei 34 aus 54

Antwortstatistiken

Fläche (km²)Land% Korrekt
2.381.740Algerien
100%
2.344.858Dem. Rep. Kongo
97%
1.861.484Sudan
94%
1.759.540Libyen
90%
1.284.000Tschad
87%
1.267.000Niger
85%
1.246.700Angola
78%
1.240.192Mali
78%
1.104.300Äthiopien
76%
1.001.450Ägypten
74%
1.030.700Mauretanien
73%
1.219.090Südafrika
73%
923.768Nigeria
70%
964São Tomé und Príncipe
69%
455Seychellen
69%
947.300Tansania
69%
4.033Kap Verde
67%
2.040Mauritius
67%
824.292Namibia
67%
2.235Komoren
66%
799.380Mosambik
63%
752.618Sambia
61%
27.830Burundi
59%
17.364Eswatini
59%
712.550Marokko
59%
11.300Gambia
58%
580.367Kenia
58%
26.338Ruanda
58%
644.329Südsudan
58%
30.355Lesotho
57%
587.041Madagaskar
57%
56.785Togo
57%
112.622Benin
56%
581.730Botswana
56%
23.200Dschibuti
56%
28.051Äquatorialguinea
54%
238.553Ghana
54%
637.657Somalia
54%
390.757Simbabwe
53%
322.463Elfenbeinküste
52%
36.125Guinea-Bissau
52%
622.984Zentralafrikanische Republik
52%
475.440Kamerun
51%
342.000Rep. Kongo
51%
71.740Sierra Leone
51%
241.038Uganda
51%
274.200Burkina Faso
50%
111.369Liberia
50%
117.600Eritrea
49%
245.857Guinea
49%
267.667Gabun
48%
196.722Senegal
48%
163.610Tunesien
48%
118.484Malawi
47%

Verteilung der Resultate

Perzentil nach korrekt beantworteten Fragen

Anzahl Personen mit jedem Resultat

Ihre Resultats-Entwicklung

Sie haben dieses Quiz noch nicht gespielt